What's what in world politics: a reference book (Record no. 481634)

000 -LEADER
fixed length control field 00281cam a22001097a 4500
008 - FIXED-LENGTH DATA ELEMENTS--GENERAL INFORMATION
fixed length control field 180718b1987 xxu||||| |||| 00| 0 eng d
082 ## - DEWEY DECIMAL CLASSIFICATION NUMBER
Classification number D W556
245 ## - TITLE STATEMENT
Title What's what in world politics: a reference book
260 ## - PUBLICATION, DISTRIBUTION, ETC.
Place of publication, distribution, etc. Moscow
Name of publisher, distributor, etc. Prgress
Date of publication, distribution, etc. 1987
300 ## - PHYSICAL DESCRIPTION
Extent 462p.
650 ## - SUBJECT ADDED ENTRY--TOPICAL TERM
Topical term or geographic name entry element Politics
Holdings
Withdrawn status Lost status Damaged status Not for loan Permanent Location Current Location Date acquired Full call number Barcode Date last seen Price effective from Koha item type
        Indian Institute of Public Administration Indian Institute of Public Administration 2018-08-04 D W556 GR14218 2018-08-04 2018-08-04 GR

Powered by Koha